Movies Quiz

Random Movies Quiz

Chicago Lyrics Quiz Stats

 Plays Quiz not verified by Sporcle

Challenge
Share
Tweet
Embed
Score 0/11 Timer 03:00
0 Plays Today
Line Missing Lyric(s) % Correct
I love them all, and all of them love ____Me
97.7%
And there's Veronica and Charlie doing number seventeen, the ______ _____!Spread Eagle
95.7%
Who says that ______'_ not an art?Murder
82.9%
Stay away from jazz and liquor and the men who play for ___.Fun
79%
Come on babe, we're gonna bunny hug! I bought some ______ down at United Drug...Aspirin
77%
And lord knows he ain't got the ______!Smarts
77%
She'd say, 'What's your _____ like'. I'd say man!Sister
72.4%
And even without ________ like a hen, everyone gets noticed now and then...Clucking
66.1%
When I see her standing there, honest mister I'm a ___________!Millionaire
51%
How can they see with _______ in their eyes?Sequins
49%
But we're in ______ nowadays...Heaven
40.5%

You're not logged in!

Compare scores with friends on all Sporcle quizzes.
Join for Free
OR
Log In

You Might Also Like...

Show Comments

Extras

Created Feb 7, 2011ReportNominate
Tags:chicago

Top Quizzes Today


Score Distribution

Your Account Isn't Verified!

In order to create a playlist on Sporcle, you need to verify the email address you used during registration. Go to your Sporcle Settings to finish the process.

Report this User

Report this user for behavior that violates our Community Guidelines.

Details: